000 01587cam a2200385 a 4500
001 14390140
003 ARRUPE
005 20131105170132.0
008 060525r20072006nyu 000 1 eng
010 _a 2006047397
020 _a1400044553
020 _a9781400044559
035 _a(OCoLC)ocm69792698
040 _aDLC
_cDLC
_dBAKER
_dBTCTA
_dYDXCP
_dZS3
_dC#P
_dILC
_dYDX
_dIXA
_dOCLCQ
_dDLC
043 _ae-ur---
050 0 0 _aP23.A519
_bH6 2007
100 1 _aAmis, Martin.
_93279
245 1 0 _aHouse of meetings /
_cMartin Amis.
250 _a1st North American ed.
260 _aNew York :
_bAlfred A. Knopf,
_c2007.
300 _a241 p. ;
_c23 cm.
500 _aOriginally published: London : Jonathan Cape, 2006.
500 _aA novella along with two stories.
505 0 _aHouse of meetings -- The last days of Muhammad Atta -- In the palace of the end.
650 0 _aSlave labor
_vFiction.
_93280
650 0 _aTriangles (Interpersonal relations)
_vFiction.
_93281
650 0 _aBrothers
_vFiction.
_93282
651 0 _aMoscow (Russia)
_vFiction.
_93283
856 4 2 _3Contributor biographical information
_uhttp://www.loc.gov/catdir/enhancements/fy0701/2006047397-b.html
856 4 2 _3Publisher description
_uhttp://www.loc.gov/catdir/enhancements/fy0701/2006047397-d.html
856 4 1 _3Sample text
_uhttp://www.loc.gov/catdir/enhancements/fy0711/2006047397-s.html
906 _a7
_bcbc
_corignew
_d1
_eocip
_f20
_gy-gencatlg
942 _2lcc
_cMONOGRAPH
999 _c118521
_d118521